Toutes les nations représentés en F1 - Statistiques

Statistiques générales
  • Ce quiz a été pris 208 fois
  • Le résultat moyen est 29 sur 39
Statistiques - réponses
Nb de pilotes Nation % Correct
72 France
99%
48 Allemagne
98%
13 Espagne
98%
153 Etats-Unis
98%
146 Royaume-Uni
98%
18 Japon
97%
32 Brésil
96%
84 Italie
95%
1 Chine
94%
6 Mexique
93%
4 Russie
92%
23 Argentine
91%
15 Australie
91%
13 Canada
90%
3 Portugal
90%
16 Pays-Bas
89%
8 Finlande
86%
10 Suède
86%
20 Belgique
83%
3 Monaco
77%
1 Pologne
77%
22 Suisse
75%
10 Nouvelle-Zélande
74%
14 Autriche
72%
17 Afrique du Sud
71%
2 Colombie
71%
4 Danemark
69%
4 Irlande
69%
2 Inde
65%
2 Thailande
63%
1 Chili
61%
1 Hongrie
59%
3 Vénezuela
52%
1 République Tchèque
45%
1 Indonésie
41%
3 Uruguay
41%
1 Malaisie
27%
1 Liechtenstein
9%
3 Rhodésie
3%
Aucun quiz correspondant
Distribution des résultats
% des personnes avec chaque résultat
Percentile par nombre de réponses
Votre historique - résultats
Vous n’avez pas pris ce quiz